Normal view
MARC view
- Probabilities
Entry Topical Term
001 - CONTROL NUMBER
- control field: 41267
003 - CONTROL NUMBER IDENTIFIER
- control field: OSt
005 - DATE AND TIME OF LATEST TRANSACTION
- control field: 20160927140053.0
008 - FIXED-LENGTH DATA ELEMENTS
- fixed length control field: 160927|| aca||babn | a|a d
040 ## - CATALOGING SOURCE
- Original cataloging agency: OSt
150 ## - HEADING--TOPICAL TERM
- Topical term or geographic name as entry element: Probabilities
- Form subdivision: Outlines, syllabi, etc.